000
00248 a2200109 4500
001
68524
040
_c
Anchieta - Itaigara
240
1
0
_a
Equinodermos., Artrópodes I
_l
245
1
0
_a
Equinodermos., Artrópodes I
650
4
_a
Artrópodes
942
_c
MU
999
_c
68524
_d
68524